000 00301nam a2200157Ia 4500
100 _aSampson/Geoffrey
250 _a2
942 _cBK
366 _f20
245 _aElectronic Business
260 _bBCS
_c2009
082 _a658.4
_bSAM
300 _a257
546 _aENGLISH
_cTTL
999 _c23418
_d23418